000 01951nam0a2200373 4500
001 RU\NLR\bibl\1671851
005 20250616044710.0
010 _a978-5-86813-265-0
_9250
021 _aRU
_b2010-56856
_93726
035 _a(nilc)RSL-KNO-004711848
035 _a(NLR Aleph) 001663105
090 _a994143
_c994143
100 _a20100726d2010 |||y0rusy50 ca
101 0 _arus
_deng
_eeng
102 _aRU
105 _aa |||||||||
200 1 _aНелокальная гидрология
_fВ.В. Коваленко
_gМ-во образования и науки Рос. Федерации, Федер. агентство по образованию, Гос. образоват. учреждение высш. проф. образования Рос. гос. гидрометеорол. ун-т
210 _aСанкт-Петербург
_cРГГМУ
_d2010
215 _a95 с.
_cил.
_d20
300 _aРез. на англ. яз.
320 _aБиблиогр.: с. 90-91 (40 назв.)
320 _aПредм. указ.: с. 92-93
606 1 _aМатематическое моделирование
_xПрименение в гидрологии
_92479213
_3RU\NLR\auth\661471881
610 0 _aНауки о Земле (геодезические, геофизические, геологические и географические науки) -- Геофизические науки -- Гидрология -- Математические методы -- Пособие для специалистов
686 _aД22с18,07
_2rubbk
686 _aД22в641.0
700 1 _4070
_7ca
_8rus
_aКоваленко
_bВ. В.
_cд-р техн. наук, гидролог
_f1948-2017
_gВиктор Васильевич
_954978
_3RU\NLR\AUTH\7772050
801 0 _aRU
_bРГБ
_c20100726
_grcr
801 1 _aRU
_bРГБ
_c20100726
801 2 _aRU
_bNLR
_c20100906
_grcr
942 _cBOOK
980 _aNB